| Tag |
First Indicator |
Second Indicator |
Subfields |
| LEADER |
00000cam a2200000 4500 |
| 001 |
in00000058459 |
| 005 |
20151007082305.0 |
| 008 |
800425s1940 enk 00010 eng |
| 010 |
|
|
|a 40009541
|
| 035 |
|
|
|a (OCoLC)06248324
|
| 035 |
|
|
|9 AAF7655AM
|
| 040 |
|
|
|a DLC
|c TXA
|d UtOrBLW
|
| 049 |
|
|
|a TXAM
|c [124630]
|
| 050 |
|
0 |
|a BR115.W2
|b C6
|
| 082 |
0 |
|
|a 172.4
|
| 092 |
|
|
|a 172.4
|b C799w
|
| 100 |
1 |
|
|a Corkey, Robert,
|d 1881-
|
| 245 |
1 |
0 |
|a War, pacifism and peace ;
|b a study in ultimate war aims, for peace-lovers in Britain and America /
|c by Robert Corkey ...
|
| 264 |
|
1 |
|a London :
|b Society for promoting Christian knowledge,
|c [1940?]
|
| 300 |
|
|
|a xi, 13-171 pages ;
|c 19 cm.
|
| 336 |
|
|
|a text
|b txt
|2 rdacontent
|
| 337 |
|
|
|a unmediated
|b n
|2 rdamedia
|
| 338 |
|
|
|a volume
|b nc
|2 rdacarrier
|
| 650 |
|
0 |
|a War
|x Religious aspects.
|
| 650 |
|
0 |
|a Peace.
|
| 999 |
|
|
|a MARS
|
| 999 |
f |
f |
|s 566bca44-1d0e-38ca-b4ff-876274e8d3d9
|i ebe20075-6105-3cbb-922e-58429eba8c46
|t 0
|
| 952 |
f |
f |
|p ric
|a Texas A&M University
|b Rellis Campus
|c Joint Library Facility
|d Remote Storage
|t 0
|e BR115.W2 C6
|h Library of Congress classification
|i unmediated -- volume
|m A14800534276
|
| 998 |
f |
f |
|a BR115.W2 C6
|t 0
|l Remote Storage
|